LEADER 01393pam a22003377a 4500 001 991002098709707536 008 130627r20072004gw a b 001 0 eng d 020 $a9783527406265 (pbk.) 035 $ab1412094x-39ule_inst 040 $aDip.to Fisica$beng 082 04$a530.0785$222 084 $aLC QC20.82 084 $a510.65 100 1 $aLandau, Rubin H.$060004 245 10$aComputational physics :$bproblem solving with computers /$cRubin H. Landau, Manuel José Páez and Cristian C. Bordeianu 250 $a2nd rev. and enlarged ed. 260 $aWeinheim :$bWiley-VCH ;$aChichester :$bJohn Wiley,$cc2007 300 $axxi, 593 p. :$bill. ;$c24 cm. +$e1 CD-ROM 500 $aThis ed. originally published: 2004 504 $aIncludes bibliographical references and index 650 0$aPhysics$vProblems, exercises, etc.$xData processing 650 0$aMathematical physics 650 0$aPhysics$xComputer simulation 700 1 $aPáez Mejía, Manuel José$eauthor$4http://id.loc.gov/vocabulary/relators/aut$0352563 700 1 $aBordeianu, Cristian C. 907 $a.b1412094x$b02-04-14$c27-06-13 912 $a991002098709707536 945 $aLE006 510.62+510.65 LAN$g1$i2006000170833$lle006$op$pE115.79$q-$rl$s- $t0$u0$v0$w0$x0$y.i15587721$z27-01-14 996 $aComputational physics$9377005 997 $aUNISALENTO 998 $ale006$b27-06-13$cm$da $e-$feng$ggw $h0$i0 LEADER 01491nam a22003011i 4500 001 991000405979707536 005 20040826085013.0 008 040920s1999 it ita 020 $a8832435349 035 $ab13215899-39ule_inst 035 $aARCHE-116213$9ExL 040 $aSet. Economia$bita$cA.t.i. Arché s.c.r.l. Pandora Sicilia s.r.l. 082 04$a657.8360 100 1 $aGismondi, Fulvio$0116846 245 13$aIl bilancio d'esercizio delle imprese di assicurazione :$bprincipi contabili nel mercato assicurativo dell'Ue, moderni approcci alla valutazione del rischio in campo assicurativo /$cFulvio Gismondi, Giancarlo Curti, Tiziana Di Gregorio ; prefazione di Alfonso Desiata 260 $aMilano :$bIl sole-24 ore :$b[Milano] :$bPricewaterhouseCoopers,$c1999 300 $aXVIII, 510 p. ;$c22 cm 490 $aDiritto degli affari 650 4$aCompagnie di assicurazione$xGestione 700 1 $aDi Gregorio, Tiziana$eauthor$4http://id.loc.gov/vocabulary/relators/aut$0374398 700 1 $aCurti, Giancarlo$eauthor$4http://id.loc.gov/vocabulary/relators/aut$0729733 700 1 $aDesiata, Alfonso 907 $a.b13215899$b26-03-19$c23-09-04 912 $a991000405979707536 945 $aLE025 ECO 657.8 GIS01.01$g1$i2025000174221$lle025$nCatalogato 2019$o-$pE0.00$q-$rl$s- $t0$u5$v4$w5$x0$y.i13871456$z23-09-04 996 $aBilancio d'esercizio delle imprese di assicurazione$91429966 997 $aUNISALENTO 998 $ale025$b23-09-04$cm$da $e-$fita$git $h3$i1 LEADER 02492 am 2200601 n 450 001 9910548298603321 005 20210616 010 $a2-35768-136-5 024 7 $a10.4000/books.eua.3645 035 $a(CKB)4100000012657834 035 $a(FrMaCLE)OB-eua-3645 035 $a(oapen)https://directory.doabooks.org/handle/20.500.12854/85372 035 $a(PPN)261455141 035 $a(EXLCZ)994100000012657834 100 $a20220228j|||||||| ||| 0 101 0 $afre 135 $auu||||||m|||| 181 $ctxt$2rdacontent 182 $cc$2rdamedia 183 $acr$2rdacarrier 200 14$aLes faiseurs de notes $eÊtre musicien en Provence au siècle des Lumières /$fAurélien Gras 210 $aAvignon $cÉditions Universitaires d?Avignon$d2021 215 $a1 online resource (380 p.) 225 1 $aEn-Jeux 311 $a2-35768-135-7 330 $aQu?est-ce qu?être musicien au XVIIIe siècle ? Dans un livre qui se lit comme un roman, Aurélien Gras restitue avec finesse et sensibilité l?univers social et professionnel de ces artistes d?Ancien Régime, qu?ils soient compositeurs ou interprètes. À partir de minutieuses recherches dans les fonds d?archives provençaux, de Marseille à Arles, en passant par Aix et Avignon, l?auteur fait résonner leurs notes partout, de l?église à la rue, du théâtre aux noces de quartier. Dans cette Provence moderne, les lecteurs verront aussi surgir tout un pan de la vie sociale, encore trop ignoré. Prenons donc plaisir à découvrir les conditions d?exercice d?un métier à la fois essentiel et marginal dans une société d?ordres qui ne pouvait subsister sans se célébrer en musique. 606 $aMusic 606 $aHistory 606 $aFrench local history 606 $amusician 606 $a18th century 606 $aidentité sociale 606 $amusicien 606 $a18e siècle 610 $aFrench local history 610 $amusician 610 $a18th century 615 4$aMusic 615 4$aHistory 615 4$aFrench local history 615 4$amusician 615 4$a18th century 615 4$aidentité sociale 615 4$amusicien 615 4$a18e siècle 700 $aGras$b Aurélien$01326429 701 $aDurand$b Stéphane$01286486 701 $aGranger$b Sylvie$01288545 801 0$bFR-FrMaCLE 906 $aBOOK 912 $a9910548298603321 996 $aLes faiseurs de notes$93037418 997 $aUNINA